| 000 | 01189cam a2200301 a 4500 | ||
|---|---|---|---|
| 001 | 14495821 | ||
| 003 | GBCCL | ||
| 005 | 20241126110343.0 | ||
| 008 | 060812s2005 tnu 000 0 eng | ||
| 010 | _a 2006297455 | ||
| 020 | _a0899574556 | ||
| 040 |
_aDLC _cDLC _dDLC |
||
| 050 | 0 | 0 |
_aBS1430.53 _b.P37 2005 |
| 082 | 0 | 0 |
_a223.2077 _222 _bSPU |
| 245 | 0 | 0 |
_aParallel classic commentary on the Psalms : _bCharles Spurgeon, John Calvin, Matthew Henry / _c[compiled and edited by Mark Water]. |
| 260 |
_aChattanooga, Tenn. : _bAMG Publishers, _cc2005. |
||
| 300 |
_axvi, 783 p. ; _c24 cm. |
||
| 505 | 0 | _aIntroduction to the Psalms / C. H. Spurgeon -- Introduction to the Psalms / John Calvin -- Introduction to the Psalms / Matthew Henry -- Commentary on the Psalms. | |
| 630 | 0 | 0 |
_aBible. _pPsalms |
| 630 | 0 | 0 |
_aBible. _pPsalms _vCommentaries. |
| 700 | 1 | _aWater, Mark. | |
| 700 | 1 |
_aSpurgeon, C. H. _q(Charles Haddon), _d1834-1892. |
|
| 700 | 1 |
_aCalvin, Jean, _d1509-1564. |
|
| 700 | 1 |
_aHenry, Matthew, _d1662-1714. |
|
| 906 |
_a7 _bcbc _corigres _d2 _encip _f20 _gy-gencatlg |
||
| 942 |
_2ddc _cREF |
||
| 999 |
_c655 _d655 |
||